000 00947pam a2200301 a 4500
008
020 _a0192618083 (pbk.)
049 0 _aMAIN
090 _aRK501
_bKID
100 1 _aKidd, E.A.M.
245 1 0 _aPickard's manual of operative dentistry /
_cE.A.M. Kidd and B.G.N. Smith ; in collaboration with H.M. Pickard.
246 0 _aManual of operative dentistry.
250 _a6th ed.
260 _aOxford :
_bOxford University Press,
_c1990.
300 _axiii, 191 p. :
_bill. (some col.) ;
_c29 cm.
440 0 _aOxford medical publications
500 _aIncludes index.
504 _aIncludes bibliographical references.
650 0 _aDentistry, Operative.
650 2 _aDentistry, Operative.
700 1 _aSmith, B.G.N.
700 1 _aPickard, H.M.
907 _a.b10269824
_b13-09-12
_c15-10-09
003
005 20230120204022.0
040 _cNUST
942 _cBOOKS
_kRK501
_mKID
999 _c115658
_d115658